[Event "Prague T10"]
[Site "Prague"]
[Date "1990.??.??"]
[Round "10"]
[White "Mozny, Milos"]
[Black "Dolezal, Martin"]
[Result "1/2-1/2"]
[WhiteElo "2375"]
[BlackElo "2315"]

1.d4 Nf6 2.Nf3 g6 3.g3 Bg7 4.c4 O-O 5.Bg2 d6 6.O-O Nbd7 7.Nc3 e5 8.e4 c6
9.h3 Qa5 10.Be3 Nb6 11.Nd2 exd4 12.Bxd4 Be6 13.Qe2 Qa6 14.b3 d5 15.exd5 cxd5
16.Qf3 Ne4 17.Bxg7 Nxd2 18.Qf6 Nd7 19.Qd4 Nxf1 20.cxd5 Nxg3 21.fxg3 Bf5 22.g4 Bd3
23.Rd1 Be2 24.Rd2 Rfe8 25.Kf2 Bxg4 26.hxg4 Qd6 27.Bh6 Ne5 28.Kf1 Qf6+ 29.Qf4 Qh4
30.Bg5 Qxg4 31.Qxg4 Nxg4 32.Bh3 Re5 33.Bxg4 Rxg5 34.Bf3 Rd8 35.d6 b6 36.b4 Kf8
37.a4 a6 38.b5 a5 39.Bc6 Rc5 40.Nd1 Rc4 41.Nb2 Rb4 42.d7 Ke7 43.Ke1 h5 44.Kd1 h4
45.Kc2 h3 46.Kc3 Rh4 47.Nc4 h2 48.Rd1 Rh3+ 49.Kc2 h1=Q 50.Bxh1 Rh2+ 51.Kc3 Rh3+
52.Kc2 Rh2+  1/2-1/2

[Event "CRO-Cup"]
[Site "Pula"]
[Date "1990.??.??"]
[Round "?"]
[White "Sprecic, Mustafa"]
[Black "Zivkovic, Zarko"]
[Result "1-0"]
[WhiteElo "2330"]
[BlackElo "2300"]

1.d4 Nf6 2.Nf3 g6 3.c4 Bg7 4.g3 O-O 5.Bg2 d6 6.O-O Nc6 7.Nc3 Bg4 8.h3 Bxf3
9.exf3 Nd7 10.Be3 e5 11.dxe5 Ndxe5 12.Qe2 Na5 13.c5 Nec4 14.Rad1 Re8 15.cxd6 cxd6
16.f4 Rc8 17.Ne4 Nxb2 18.Nxd6 Nxd1 19.Rxd1 Re7 20.Nxc8 Qxc8 21.Qd3 b6 22.f5 Nc4
23.Bg5 Re8 24.fxg6 hxg6 25.Bd5 Nb2 26.Qxg6 Nxd1 27.Qxf7+  1-0

[Event "Pula op"]
[Site "Pula"]
[Date "1990.??.??"]
[Round "4"]
[White "Sprecic, Mustafa"]
[Black "Petrovic, Vojislav"]
[Result "1-0"]
[WhiteElo "2330"]
[BlackElo "2280"]

1.d4 Nf6 2.Nf3 g6 3.g3 Bg7 4.Bg2 O-O 5.c4 d6 6.Nc3 Nc6 7.O-O a6 8.Re1 Rb8
9.Bg5 b5 10.d5 Na7 11.Be3 c5 12.dxc6 Nxc6 13.cxb5 axb5 14.Nd4 Nxd4 15.Bxd4 Bb7
16.e4 e5 17.Ba7 Ra8 18.Be3 b4 19.Nd5 Nxd5 20.exd5 f5 21.Qb3 Qa5 22.Bd2 e4
23.Bxb4 Qxd5 24.Bxd6 Qxb3 25.axb3 Rxa1 26.Rxa1 Rd8 27.Bf4 Bxb2 28.Rb1 Bf6
29.Bf1 g5 30.Be3 h6 31.Rc1 Bd5 32.b4 Kf7 33.b5 Be5 34.Rd1 Ke6 35.Bh3 Kf6
36.b6 f4 37.Bc5 e3 38.fxe3 fxg3 39.hxg3 g4 40.Bg2 Ke6 41.e4  1-0

[Event "Pula op"]
[Site "Pula"]
[Date "1990.??.??"]
[Round "7"]
[White "Sideif Sade, Fikret I"]
[Black "Markovic, Miroslav"]
[Result "1-0"]
[WhiteElo "2380"]
[BlackElo "2275"]

1.d4 Nf6 2.c4 g6 3.Nf3 Bg7 4.g3 O-O 5.Bg2 d6 6.O-O Nc6 7.Nc3 Bf5 8.b3 Ne4
9.Nd5 e6 10.Ne3 Nc3 11.Qd2 Ne4 12.Qb2 Ng5 13.Nxf5 Nxf3+ 14.Bxf3 gxf5 15.Be3 e5
16.Bxc6 bxc6 17.dxe5 Bxe5 18.Bd4 Qf6 19.Rad1 Rfe8 20.e3 Bxd4 21.Rxd4 Re4
22.Rfd1 c5 23.R4d2 Qxb2 24.Rxb2 Kg7 25.Rd3 a5 26.Kg2 Kg6 27.Kf3 h5 28.h4 Rb8
29.Rc3 Rbe8 30.Rd2 f6 31.Rd5 Rb8 32.Ke2 Ra8 33.Rd2 Ree8 34.Rc1 Kf7 35.Rb1 Reb8
36.Rdb2 Ke6 37.Kf3 Ke5 38.Rd1 c6 39.Rbd2 Rd8 40.Re1 a4 41.e4 axb3 42.axb3 Ra3
43.Rd3 Ke6 44.Kf4 fxe4 45.Rxe4+ Kd7 46.Kf5 Kc7 47.Re7+ Kb6 48.Rf7 d5 49.Rxf6 dxc4
50.Rxd8 Kc7 51.Rdd6 cxb3 52.Rxc6+ Kd7 53.Rxc5 b2 54.Rb6  1-0

[Event "Pula op"]
[Site "Pula"]
[Date "1990.??.??"]
[Round "9"]
[White "Blagojevic, Dragisa"]
[Black "Hanko, Pavel"]
[Result "1-0"]
[WhiteElo "2395"]
[BlackElo "2250"]

1.d4 Nf6 2.c4 g6 3.Nf3 Bg7 4.g3 d6 5.Bg2 O-O 6.Nc3 Nc6 7.O-O a6 8.h3 Bf5
9.d5 Na5 10.Nd4 Bd7 11.b3 Rb8 12.e4 c5 13.dxc6 bxc6 14.Be3 e5 15.Nc2 Be6
16.Qd2 Qc8 17.Kh2 Rd8 18.f4 exf4 19.gxf4 Nh5 20.Rad1 Qc7 21.Nd4 g5 22.Nde2 f5
23.exf5 Bxf5 24.Nd5 cxd5 25.Qxd5+ Qf7 26.fxg5 Be5+ 27.Kg1 Ng7 28.Qxa5 Qh5
29.Qd5+ Kh8 30.Qf3 Qg6 31.Nf4 Qf7 32.Nd3 Qe6 33.Nxe5 dxe5 34.Bc1 e4 35.Qc3 Rd3
36.Rxd3 exd3 37.Bb2 Rg8 38.Qe5 Bxh3 39.Qxg7+ Rxg7 40.Rf8+ Qg8 41.Bxg7+  1-0

[Event "Reykjavik op"]
[Site "Reykjavik"]
[Date "1990.??.??"]
[Round "7"]
[White "Tukmakov, Vladimir B"]
[Black "Hellers, Ferdinand"]
[Result "1-0"]
[WhiteElo "2570"]
[BlackElo "2525"]

1.d4 Nf6 2.c4 g6 3.Nf3 Bg7 4.g3 O-O 5.Bg2 d6 6.O-O Nbd7 7.Nc3 e5 8.e4 exd4
9.Nxd4 Re8 10.h3 Nc5 11.Re1 a5 12.Qc2 c6 13.Be3 a4 14.Rab1 Qe7 15.f3 Nh5
16.Kh2 Qc7 17.Rbd1 a3 18.b4 Na6 19.Qb3 d5 20.f4 g5 21.e5 gxf4 22.gxf4 Qe7
23.cxd5 Qh4 24.Ne4 Nxf4 25.Nf3 Qh6 26.e6 fxe6 27.d6 Bd7 28.Nf2 Rf8 29.Ng4 Qh5
30.Bxf4 Rxf4 31.Nfe5 Rd8 32.b5 Nb4 33.bxc6 bxc6 34.Nxd7 Rxd7 35.Rxe6 Kh8
36.Rde1 Nd5 37.Re8+ Rf8 38.Qb8 Qf7 39.Rxf8+ Bxf8 40.Rf1 Nf6 41.Rxf6  1-0

[Event "Reykjavik op"]
[Site "Reykjavik"]
[Date "1990.??.??"]
[Round "10"]
[White "Arkell, Keith C"]
[Black "Gislason, Gudmundur"]
[Result "0-1"]
[WhiteElo "2460"]
[BlackElo "2225"]

1.d4 Nf6 2.Nf3 g6 3.c4 Bg7 4.g3 O-O 5.Bg2 d6 6.O-O Nbd7 7.Nc3 e5 8.Qc2 exd4
9.Nxd4 Re8 10.b3 c6 11.Bb2 Qe7 12.Rad1 Nc5 13.h3 Nfe4 14.Nxe4 Nxe4 15.Nf3 Bxb2
16.Qxb2 a5 17.a3 a4 18.b4 Be6 19.Qc2 f5 20.Nd4 Bf7 21.Rd3 Qf6 22.Rc1 Re7
23.e3 d5 24.c5 g5 25.Ne2 Bg6 26.f4 Bh5 27.g4 Bg6 28.Rf1 fxg4 29.f5 Bf7 30.hxg4 h5
31.Nc3 Nxc3 32.Qxc3 Qxc3 33.Rxc3 hxg4 34.Rd1 Rae8 35.Rdd3 Re5 36.f6 Bg6 37.e4 Bxe4
38.Bxe4 Rxe4 39.Rc1 Kf7 40.b5 Re3 41.bxc6 bxc6 42.Rd4 Re1+ 43.Rxe1 Rxe1+
44.Kf2 Re4 45.Rd1 Rc4 46.Rh1 Rxc5 47.Rh6 Rc3  0-1

[Event "Rimavska Sobota"]
[Site "Rimavska Sobota"]
[Date "1990.??.??"]
[Round "9"]
[White "Plachetka, Jan"]
[Black "Stohl, Igor"]
[Result "1/2-1/2"]
[WhiteElo "2425"]
[BlackElo "2530"]

1.d4 Nf6 2.c4 g6 3.Nf3 Bg7 4.g3 O-O 5.Bg2 d6 6.O-O Nc6 7.Nc3 a6 8.b3 Rb8
9.Bb2 b5 10.cxb5 axb5 11.Rc1 b4 12.Na4 Na5 13.Ne1 Bb7 14.Nd3 Bxg2 15.Kxg2 Qc8
16.e3 Rb5 17.Rc2 Qb7+ 18.Qf3 c6 19.Kg1 Nd7 20.Rd1 Rc8 21.Bc1 e5 22.dxe5 Nxe5
23.Nxe5 Bxe5 24.Bb2 Qe7 25.Rcd2 Bxb2 26.Nxb2 d5 27.Rd4 Re8 28.Nd3 Nb7 29.Qg4 h5
30.Qh4  1/2-1/2

[Event "Rome op"]
[Site "Rome"]
[Date "1990.??.??"]
[Round "2"]
[White "Drasko, Milan"]
[Black "Bronstein, David I"]
[Result "1/2-1/2"]
[WhiteElo "2445"]
[BlackElo "2445"]

1.d4 Nf6 2.c4 g6 3.Nf3 Bg7 4.g3 O-O 5.Bg2 d6 6.O-O Nbd7 7.Nc3 e5 8.e4 c6
9.h3 a6 10.Be3 Qe7 11.Qc2 Ne8 12.Rad1 Nc7 13.Rfe1 Re8 14.a3 Qf8 15.b4 Bh6
16.Bxh6 Qxh6 17.Na4 Rb8 18.c5 dxc5 19.d5 cxb4 20.dxc6 bxc6 21.Qxc6 Ne6 22.axb4 Qf8
23.Rxd7 Bxd7 24.Qxd7 Qxb4 25.Ra1 Red8 26.Qa7 Rb5 27.Qxa6 Ra5 28.Qc6 Rda8
29.Nxe5 Qd4 30.Rf1 Qxe5 31.Nb6 R5a6 32.Qxa8+ Rxa8 33.Nxa8 Qa5 34.e5 Qxe5  1/2-1/2

[Event "Rome op"]
[Site "Rome"]
[Date "1990.??.??"]
[Round "6"]
[White "Drasko, Milan"]
[Black "Sibilio, Mario"]
[Result "1/2-1/2"]
[WhiteElo "2445"]
[BlackElo "2310"]

1.d4 Nf6 2.c4 d6 3.Nf3 g6 4.g3 Bg7 5.Bg2 O-O 6.O-O c6 7.Nc3 Qa5 8.e4 Bg4
9.h3 Bxf3 10.Bxf3 Nbd7 11.a3 e5 12.d5 cxd5 13.cxd5 Rfc8 14.Be3 a6 15.Qd2 Rc4
16.Be2 Rxc3 17.Bd3 Rc5 18.b4 Qc7 19.bxc5 Nxc5 20.Rfc1 Nfd7 21.Rab1 b5 22.a4 bxa4
23.Rb4 Qd8 24.Bc2 a5 25.Rb5 Bf6 26.Ra1 Rb8 27.Rxb8 Qxb8 28.Bxa4 Nxa4 29.Rxa4 Bd8
30.Qc2 Kg7 31.Rc4 Qb5 32.Qc1 h5 33.Rc6 Be7 34.Kh2 h4 35.g4 f5 36.gxf5 gxf5
37.exf5  1/2-1/2

[Event "ARG-ch"]
[Site "San Luis"]
[Date "1990.??.??"]
[Round "1"]
[White "Panno, Oscar"]
[Black "Fiorito, Fabian"]
[Result "1/2-1/2"]
[WhiteElo "2510"]
[BlackElo "2350"]

1.d4 Nf6 2.c4 g6 3.Nf3 Bg7 4.g3 O-O 5.Bg2 d6 6.O-O Nbd7 7.Nc3 e5 8.e4 c6
9.h3 Qb6 10.Re1 exd4 11.Nxd4 Ne8 12.Nf3 Ne5 13.Nxe5 dxe5 14.Qa4 Nc7 15.Be3 Qa6
16.Qb4 Ne6 17.c5 b6 18.Rac1 Rb8 19.b3 Bd7 20.Bf1 Qb7 21.Ne2 Rfd8 22.Qc3 Qc7
23.Red1 Be8 24.h4 Rxd1  1/2-1/2

[Event "ARG-ch"]
[Site "San Luis"]
[Date "1990.??.??"]
[Round "11"]
[White "Casafus, Ruben"]
[Black "Zarnicki, Pablo"]
[Result "1-0"]
[WhiteElo "2375"]
[BlackElo "2390"]

1.d4 Nf6 2.Nf3 g6 3.c4 Bg7 4.g3 O-O 5.Bg2 d6 6.O-O c6 7.Nc3 Bf5 8.Ne1 Qc8
9.e4 Bh3 10.f3 Bxg2 11.Kxg2 a6 12.Na4 Nfd7 13.c5 e5 14.dxe5 dxc5 15.f4 b5
16.Nc3 Rd8 17.Qf3 Nb6 18.Qf2 N8d7 19.Nf3 b4 20.Nd1 Qc7 21.Ne3 c4 22.Qc2 c5
23.Nd2 c3 24.bxc3 bxc3 25.Nb1 f6 26.e6 Nf8 27.f5 gxf5 28.exf5 c4 29.Nxc3 Rd3
30.Rb1 Qc6+ 31.Kh3 Re8 32.Rf4 h5 33.Rxb6 Qxb6 34.Ncd5 Qa5 35.Qxc4 Rxe3 36.Bxe3 Nh7
37.Rf1 Kh8 38.Qc6 Qd8 39.e7 Rxe7 40.Nxe7 Qxe7 41.Qe6 Qb4 42.Qe8+ Bf8 43.Qxh5 Qc4
44.Rc1  1-0

[Event "ARG-ch"]
[Site "San Luis"]
[Date "1990.??.??"]
[Round "13"]
[White "Casafus, Ruben"]
[Black "Iglesias, Alejandro"]
[Result "1-0"]
[WhiteElo "2375"]
[BlackElo "2280"]

1.d4 g6 2.Nf3 Bg7 3.c4 d6 4.g3 Nf6 5.Bg2 O-O 6.O-O Nc6 7.d5 Nb8 8.Nc3 c6
9.h3 Nbd7 10.Be3 Nb6 11.b3 Bd7 12.Rc1 Rb8 13.Qd2 a6 14.Rfd1 c5 15.Bh6 Nc8
16.Bxg7 Kxg7 17.Qb2 b5 18.cxb5 Bxb5 19.e4 Kg8 20.Qd2 Nd7 21.a4  1-0

[Event "ARG-ch"]
[Site "San Luis"]
[Date "1990.??.??"]
[Round "15"]
[White "Casafus, Ruben"]
[Black "Rubinetti, Jorge A"]
[Result "0-1"]
[WhiteElo "2375"]
[BlackElo "2445"]

1.Nf3 Nf6 2.d4 g6 3.c4 Bg7 4.g3 O-O 5.Bg2 d6 6.O-O Nbd7 7.Qc2 e5 8.Rd1 Re8
9.dxe5 dxe5 10.e4 c6 11.h3 Qe7 12.Be3 Nc5 13.Nc3 a5 14.Rd2 Nfd7 15.Rad1 Nf8
16.Ne1 Nfe6 17.Nf3 h6 18.b3 Kh7 19.Qb1 Qf8 20.Ne2 Kg8 21.Nh4 Ng5 22.Kh2 Bf6
23.Rd6 Nce6 24.Nf3 Be7 25.R6d2 Nxf3+ 26.Bxf3 Bb4 27.Rc2 Bc5 28.Qc1 Bxe3 29.Qxe3 Qc5
30.Qxh6 Qxf2+ 31.Bg2 Qf6 32.Qe3 Qg5 33.Qf2 Kg7 34.Rf1 Rf8 35.Rc3 Qe7 36.c5 Bd7
37.Ng1 Nd4 38.Nf3 Nb5 39.Rd3 f6 40.Rfd1 Be6 41.Qe3 a4 42.b4 Rfd8 43.R1d2 Bc4
44.Rxd8 Rxd8 45.Rc2 Qe6 46.Qf2 Bd3 47.Rd2 Rd7 48.Ne1 Bb1 49.Rb2 Nc3 50.Qf3 a3
51.Rb3 Nxe4 52.Rxa3 f5 53.Qb3 Qxb3 54.axb3 Nc3 55.Ra7 e4 56.Kg1 Kf6 57.Ra8 Rd1
58.Kf1 e3  0-1

[Event "Sankt Augustin"]
[Site "Sankt Augustin"]
[Date "1990.??.??"]
[Round "3"]
[White "Paehtz, Thomas Sr"]
[Black "Meyer, Peter"]
[Result "1/2-1/2"]
[WhiteElo "2430"]
[BlackElo "2330"]

1.d4 Nf6 2.c4 g6 3.Nf3 Bg7 4.g3 O-O 5.Bg2 d6 6.O-O c6 7.Nc3 Qa5 8.h3 Be6
9.d5 cxd5 10.Nd4 dxc4 11.Nxe6 fxe6 12.Bxb7 Nbd7 13.Bxa8 Rxa8 14.Qa4 Qxa4
15.Nxa4 Ne4 16.Be3 Nb6 17.Bxb6 axb6 18.Nxb6 Ra6 19.Nxc4 d5 20.Rfc1 dxc4 21.Rxc4 Bxb2
22.Rb1 Nd6 23.Rc2 Bf6 24.Rb4 Ra3 25.Kg2 Kf7 26.e3 Ke8 27.Kf1 Kf7 28.Ke2 g5
29.Kd2 h5 30.Ke2 Kg6 31.Kf1 Kf7 32.Kg2 Kg6 33.Re2 Kf7 34.Rd2 Kg6 35.Kf1 Kf7
36.Kg2  1/2-1/2

[Event "Wch U20"]
[Site "Santiago"]
[Date "1990.??.??"]
[Round "4"]
[White "Hernandez, Gilberto"]
[Black "Barahona, Daniel"]
[Result "1-0"]
[WhiteElo "2395"]
[BlackElo "2250"]

1.Nf3 Nf6 2.c4 g6 3.d4 Bg7 4.g3 O-O 5.Bg2 d6 6.O-O c6 7.Nc3 Qa5 8.e4 e5 9.h3 Nbd7
10.Be3 b5 11.Nd2 Rb8 12.a3 b4 13.axb4 Qxb4 14.Ra2 exd4 15.Bxd4 Ne5 16.Ra4 Qxb2
17.Nb5 cxb5 18.Bxb2 bxa4 19.Bxe5 dxe5 20.Qxa4 Rb2 21.Nb3 Bd7 22.Qxa7 Re2
23.Ra1 Be6 24.Na5 Rc8 25.c5 Bh6 26.Rb1 Rc2 27.c6 Bd2 28.Rb8 Rxb8 29.Qxb8+ Kg7
30.Nb7 Rxc6 31.Qxe5 Rc1+ 32.Kh2 Bc3 33.Qd6 Re1 34.Qd3 Be5 35.Nc5 Ra1 36.Nxe6+ fxe6
37.f4 Bb8 38.e5 Nh5 39.Qc3 Ra7 40.Qb3 Bc7 41.Qxe6 Bd8 42.Bf3  1-0

[Event "Wch U20"]
[Site "Santiago"]
[Date "1990.??.??"]
[Round "5"]
[White "Camejo, Rui"]
[Black "Sinowjew, Juri"]
[Result "0-1"]
[WhiteElo "2360"]
[BlackElo "2260"]

1.d4 Nf6 2.c4 g6 3.Nf3 Bg7 4.g3 O-O 5.Bg2 d6 6.O-O Nc6 7.Nc3 e5 8.d5 Ne7
9.e4 Nd7 10.Be3 h6 11.Qd2 Kh7 12.Rac1 f5 13.Rfd1 Nf6 14.c5 fxe4 15.cxd6 cxd6
16.Nxe5 dxe5 17.Nxe4 Nxe4 18.Bxe4 Bg4 19.Re1 Bf3 20.Bc5 Bxe4 21.Rxe4 Rf7
22.d6 Nf5 23.Qd5 Rd7 24.Rd1 Qf6 25.f4 exf4 26.Rxf4 Rad8 27.Re1 Qxb2 28.Re6 Nxd6
29.Bxd6 Qb6+ 30.Bc5 Rxd5 31.Bxb6 axb6 32.Rf7 R8d7  0-1

[Event "Wch U20"]
[Site "Santiago"]
[Date "1990.??.??"]
[Round "10"]
[White "Camejo, Rui"]
[Black "Watanabe, Roberto"]
[Result "1-0"]
[WhiteElo "2360"]
[BlackElo "2255"]

1.d4 Nf6 2.c4 g6 3.Nf3 Bg7 4.g3 O-O 5.Bg2 d6 6.O-O Nc6 7.Nc3 e5 8.d5 Ne7
9.e4 a5 10.c5 dxc5 11.Be3 Nd7 12.Qd2 b6 13.Rfd1 Nb8 14.Nb5 c6 15.d6 Nd5 16.Bg5 f6
17.Nxe5 Qe8 18.Nxc6 Qxc6 19.e5 Bb7 20.Nc7 Nxc7 21.Bxc6 Nxc6 22.exf6 Nd4 23.Qe3 Rfe8
24.f7+ Kxf7 25.Qf4+ Kg8 26.Rxd4 Ne6 27.d7 Nxf4 28.dxe8=Q+ Rxe8 29.Rxf4 h6
30.Bf6 g5 31.Rf5 Bc8 32.Re5 Rxe5 33.Bxe5 Bxe5 34.Re1 Bxb2 35.Re8+ Kf7 36.Rxc8 Bd4
37.a4 Ke7 38.Rc6  1-0

[Event "Wch U20"]
[Site "Santiago"]
[Date "1990.??.??"]
[Round "13"]
[White "Camejo, Rui"]
[Black "Barahona, Daniel"]
[Result "1-0"]
[WhiteElo "2360"]
[BlackElo "2250"]

1.d4 Nf6 2.Nf3 g6 3.c4 Bg7 4.g3 O-O 5.Bg2 d6 6.O-O c6 7.Nc3 Nbd7 8.e4 e5
9.h3 Re8 10.Be3 exd4 11.Nxd4 Nc5 12.Qc2 a5 13.Rad1 Qe7 14.f3 Nfd7 15.Rfe1 Ne5
16.b3 Ne6 17.f4 Nd7 18.Re2 Nec5 19.Bf2 Nf6 20.g4 Ne6 21.Nxe6 fxe6 22.Red2 Rf8
23.Bh4 Qf7 24.Rxd6 Ne8 25.R6d3 Qxf4 26.Rf3 Qe5 27.Rxf8+ Bxf8 28.Ne2 Bd7 29.Qd3 Bd6
30.Bg3 Qc5+ 31.Kf1 e5 32.Bf2 Qa3 33.c5  1-0

[Event "NWC October"]
[Site "Seattle"]
[Date "1990.??.??"]
[Round "?"]
[White "Pupols, Viktors"]
[Black "Dubisch, Ralph"]
[Result "0-1"]
[WhiteElo "2210"]
[BlackElo "2270"]

1.d4 Nf6 2.c4 g6 3.Nf3 Bg7 4.g3 O-O 5.Bg2 d6 6.O-O Nbd7 7.Nc3 e5 8.e3 c6
9.b3 e4 10.Nd2 d5 11.cxd5 cxd5 12.Bb2 Re8 13.f3 exf3 14.Qxf3 Nb6 15.e4 Bg4
16.Qf4 dxe4 17.Ncxe4 Nxe4 18.Nxe4 Bxd4+ 19.Bxd4 Qxd4+ 20.Kh1 f5 21.Nd6 Qxf4
22.Rxf4 Re2 23.h3 Bh5 24.Bxb7 Rd8 25.Rd4 Re7 26.Nxf5 Red7 27.Nh6+ Kg7 28.Rxd7+ Rxd7
29.Bg2 Kxh6 30.g4 Bxg4 31.hxg4 Kg5 32.Kh2 Rd2 33.Kg3 Nd7 34.Re1 Rd3+ 35.Bf3 Kf6
36.Rd1 Ne5 37.Rxd3 Nxd3 38.Bd5 Nb4 39.Bg8 Nxa2 40.Kf4 h6 41.Ke4 Nb4 42.Bc4 Nc6
43.Kf4 Ne5 44.Be2 Nd7 45.Bc4 a5 46.Bd5 g5+ 47.Ke3 Ne5 48.Kd4 Nxg4 49.Kc5 Ne3
50.Bb7 Ke5 51.Kb5 g4 52.Kxa5 g3 53.Bh1 h5 54.b4 h4 55.Bg2 Nxg2 56.b5 Ne3  0-1

[Event "Sevilla op"]
[Site "Sevilla"]
[Date "1990.??.??"]
[Round "?"]
[White "Vladimirov, Evgeny"]
[Black "Gonzales, JA."]
[Result "1-0"]
[WhiteElo "2565"]
[BlackElo "2310"]

1.d4 Nf6 2.Nf3 g6 3.g3 Bg7 4.Bg2 O-O 5.c4 d6 6.O-O Nbd7 7.Nc3 e5 8.e4 c6
9.h3 Re8 10.Be3 exd4 11.Nxd4 Nc5 12.Qc2 a5 13.Rad1 Qc7 14.Rfe1 Bd7 15.Nb3 Nxb3
16.axb3 Re6 17.Re2 c5 18.Red2 Bc6 19.e5 Rxe5 20.Bf4 Bxg2 21.Bxe5 Bf3 22.Rxd6 Ne8
23.Ra6 Qc8 24.Rxa8 Qxh3 25.Rxe8+ Bf8 26.Rxf8+ Kxf8 27.Rd8+ Ke7 28.Bf6+ Ke6
29.Rd6+  1-0

[Event "Tatran Cup"]
[Site "Stary Smokovec"]
[Date "1990.??.??"]
[Round "3"]
[White "Stohl, Igor"]
[Black "Pavlovic, Milos"]
[Result "1/2-1/2"]
[WhiteElo "2525"]
[BlackElo "2465"]

1.Nf3 Nf6 2.c4 g6 3.d4 Bg7 4.g3 O-O 5.Bg2 d6 6.Nc3 Nbd7 7.O-O e5 8.e4 c6
9.h3 a5 10.Re1 exd4 11.Nxd4 Re8 12.Bf4 Ne5 13.b3 Nfd7 14.Re2 Nc5 15.Rd2 Qe7
16.Qc2 a4 17.Rad1 axb3 18.axb3 Ra3 19.Nb1 Ra1 20.b4 Ne6 21.Be3 Ng5 22.Kh2 h6
23.Re2 c5 24.Nb3 Ra4 25.f4 Ngf3+ 26.Kh1 Rxb4 27.fxe5 Nxe5 28.Rxd6 Rxb3 29.Bxc5 Rxg3
30.Rxg6 Qh4 31.Rxg3 Qxg3 32.Bf2 Qd3 33.Qxd3 Nxd3 34.Bg3 Be6 35.Nd2 Ra8 36.e5 Ra5
37.Bxb7 Nxe5 38.Nb3 Bxc4 39.Nxa5 Bxe2 40.Kg2 Bd3 41.Bf4 Kh7 42.Kg3 Ng6 43.Bc7 Bc3
44.Bd5 Be1+ 45.Kf3 f5 46.Nc4 Bf1 47.Ne3 Nh4+ 48.Kf4 Bxh3 49.Be6 h5 50.Nxf5 Bd2+
51.Kg3 Bxf5 52.Kxh4  1/2-1/2

[Event "Tatran Cup"]
[Site "Stary Smokovec"]
[Date "1990.??.??"]
[Round "6"]
[White "Horvath, Jozsef"]
[Black "Pavlovic, Milos"]
[Result "1/2-1/2"]
[WhiteElo "2540"]
[BlackElo "2465"]

1.d4 Nf6 2.Nf3 g6 3.c4 Bg7 4.g3 O-O 5.Bg2 d6 6.O-O Nbd7 7.Qc2 e5 8.Rd1 Qe7
9.e4 c6 10.Nc3 exd4 11.Nxd4 Re8 12.b3 Nc5 13.f3 Nfd7 14.Qf2 a5 15.Rb1 Ne5
16.Bf1 Qf8 17.Be3 Qe7 18.Bc1 Qf8 19.Kg2 Qe7 20.a3 h5 21.h3 Qd7 22.Kg1 Qe7
23.Bb2 a4 24.f4 Ned7 25.b4 Nb3 26.Nxb3 axb3 27.a4 Nf8 28.Ba1 f5 29.Re1 Qf7  1/2-1/2

[Event "Tatran Cup"]
[Site "Stary Smokovec"]
[Date "1990.??.??"]
[Round "7"]
[White "Fominyh, Alexander"]
[Black "Tibensky, Robert"]
[Result "1-0"]
[WhiteElo "2530"]
[BlackElo "2385"]

1.d4 Nf6 2.Nf3 g6 3.c4 Bg7 4.g3 O-O 5.Bg2 d6 6.O-O c6 7.b3 a6 8.Bb2 b5 9.Nbd2 Nbd7
10.Ne1 Bb7 11.Nd3 Ne8 12.Qc2 Rc8 13.a4 bxc4 14.bxc4 Nc7 15.Nb3 Ne6 16.e3 f5
17.Bc3 g5 18.Rab1 Nf6 19.Nd2 Ba8 20.c5 Nd5 21.Ba1 Kh8 22.Nc4 g4 23.Nb6 Rc7
24.a5 Bb7 25.Rfc1 Nf6 26.Nf4 Nxf4 27.exf4 e6 28.cxd6 Qxd6 29.Nc4 Qe7 30.Bb2 Rd8
31.Ba3 Qd7 32.Ne5 Qe8 33.Rxb7 Rxb7 34.Bxc6 Rc7 35.Bxe8 Rxc2 36.Rxc2 Rxe8
37.Rc6 Ne4 38.Rxa6 Bxe5 39.fxe5 Rc8 40.Rb6 Nd2 41.Bc5  1-0

[Event "Tatran Cup"]
[Site "Stary Smokovec"]
[Date "1990.??.??"]
[Round "9"]
[White "Fominyh, Alexander"]
[Black "Hracek, Zbynek"]
[Result "1/2-1/2"]
[WhiteElo "2530"]
[BlackElo "2475"]

1.d4 Nf6 2.Nf3 g6 3.c4 Bg7 4.g3 O-O 5.Bg2 d6 6.O-O Nc6 7.Nc3 a6 8.h3 Rb8
9.e4 Na5 10.Qe2 Bd7 11.e5 Ne8 12.b4 Nc6 13.a3 b5 14.cxb5 axb5 15.Bf4 e6 16.Rfd1 Ne7
17.Nd2 h6 18.h4 Bc6 19.Bxc6 Nxc6 20.Nf3 Qd7 21.Rac1 Ne7 22.d5 exd5 23.Nxd5 Nxd5
24.Rxd5 Ra8 25.Qe3 Kh7 26.Nd4 Qe7 27.exd6 Qxe3 28.fxe3 cxd6 29.Nxb5 Bb2 30.Rc2 Bxa3
31.Ra2 Nf6 32.Rxd6 Bxb4 33.Rxa8 Bxd6 34.Ra7 Bxf4 35.gxf4 Kg7 36.Nd6 Ne8 37.Nc4 Kg8
38.Kf2 Ng7 39.Nd6 f5 40.Nc4 Rf6 41.Ra8+ Kh7 42.Ne5 Ne6 43.Ra7+ Kg8 44.Ra6 Kg7
45.Rc6 Nd8 46.Rc7+ Nf7 47.Ke2 Kg8 48.Nf3 h5 49.Kd3 Rd6+ 50.Nd4 Nh6 51.Kc4 Ng4
52.Kd3  1/2-1/2

[Event "JUG-Cup"]
[Site "Svetozarevo"]
[Date "1990.??.??"]
[Round "?"]
[White "Nestorovic, Dejan"]
[Black "Djosic, Slavoljub"]
[Result "0-1"]
[WhiteElo "2295"]
[BlackElo "2265"]

1.d4 Nf6 2.Nf3 g6 3.c4 Bg7 4.g3 d6 5.Bg2 O-O 6.O-O Nbd7 7.Nc3 e5 8.h3 c6
9.e4 Re8 10.Re1 exd4 11.Nxd4 a5 12.Qc2 Nc5 13.Bf4 Nfd7 14.Rad1 Ne5 15.b3 Qe7
16.Be3 Ned7 17.Re2 Nf6 18.Bf4 Nh5 19.Be3 Nf6 20.Bc1 Nfd7 21.Kh2 Nf8 22.Be3 Nfe6
23.f4 Nc7 24.Bf2 Bd7 25.Red2 Rad8 26.Nde2 Bc8 27.e5 Bf5 28.exd6 Rxd6 29.Bxc5 Rxd2
30.Qxd2 Qxc5 31.g4 Bc8 32.Ne4 Qb4 33.Qd3 Ne6 34.f5 Be5+ 35.Kh1 Nc5 36.Nxc5 Qxc5
37.Ng3 Bc7 38.fxg6 hxg6 39.Qf3 Re3 40.Ne4 Qe5  0-1

[Event "Tuzla"]
[Site "Tuzla"]
[Date "1990.??.??"]
[Round "6"]
[White "Blagojevic, Dragisa"]
[Black "Mujic, Hamza"]
[Result "1-0"]
[WhiteElo "2395"]
[BlackElo "2315"]

1.d4 g6 2.c4 Bg7 3.Nf3 Nf6 4.g3 O-O 5.Bg2 d6 6.Nc3 Nc6 7.O-O Bg4 8.d5 Na5
9.Nd2 c6 10.b4 Nxd5 11.cxd5 Bxc3 12.Rb1 Bxd2 13.Bxd2 Nc4 14.Bh6 Qb6 15.Bxf8 Rxf8
16.a4 Bd7 17.Qd3 Ne5 18.a5 Qc7 19.Qc3 Rc8 20.Rfc1 Qb8 21.Qd4 Bf5 22.Rb3 cxd5
23.Rxc8+ Qxc8 24.Rc3 Qd7 25.Bxd5 Qb5 26.f4 Qxe2 27.Re3 Nf3+ 28.Bxf3  1-0

[Event "USA op"]
[Site "USA"]
[Date "1990.??.??"]
[Round "?"]
[White "Vucic, Mladen"]
[Black "Delgado, I."]
[Result "1-0"]
[WhiteElo "2340"]
[BlackElo "2300"]

1.d4 Nf6 2.Nf3 g6 3.c4 Bg7 4.g3 O-O 5.Bg2 d6 6.O-O c6 7.Nc3 Bf5 8.Nh4 Be6
9.d5 Bd7 10.Nf3 cxd5 11.cxd5 Na6 12.Nd4 Qb6 13.Nb3 Ng4 14.h3 Ne5 15.Be3 Qd8
16.Bd4 Bh6 17.e3 Rc8 18.Qe2 Nc4 19.Rfc1 Bg7 20.Bxg7 Kxg7 21.Ne4 Nb6 22.Qd2 Rxc1+
23.Rxc1 Qb8 24.Na5 Rc8 25.Rxc8 Qxc8 26.h4 Kg8 27.b3 h5 28.Bf1 Nc7 29.Nc3 Ne8
30.e4 Nf6 31.Qd4 Qc7 32.f3 Na4 33.Nxa4 Qxa5 34.Nc3 a6 35.a4 Qc7 36.b4 a5
37.b5 b6 38.Qc4 Qxc4 39.Bxc4 Be8 40.Kf2 Nd7 41.Ke3 Nc5 42.Bd3 f6 43.Bc2 Bf7
44.Nb1 Kf8 45.Nd2 Ke8 46.Nc4 Nd7 47.Kd4 Kd8 48.f4 Kc7 49.e5 Nc5 50.Ne3 f5
51.e6 Be8 52.Kc3 Kd8 53.Kb2 Kc7 54.Ka3 Kd8 55.Ng2 Kc7 56.Ne1 Kd8 57.Nf3 Kc7
58.Nd4 Kd8 59.Bb1 Kc7 60.Nxf5 gxf5  1-0

[Event "Vienna op"]
[Site "Vienna"]
[Date "1990.??.??"]
[Round "5"]
[White "Samuelsson, Sven Gunnar"]
[Black "Zimmermann, Heinz"]
[Result "1-0"]
[WhiteElo "2205"]
[BlackElo "2300"]

1.d4 Nf6 2.c4 g6 3.g3 Bg7 4.Bg2 O-O 5.Nf3 d6 6.O-O c6 7.Nc3 Nbd7 8.Qc2 e5
9.Rd1 Qe7 10.b3 e4 11.Ng5 d5 12.cxd5 cxd5 13.Nb5 Ng4 14.Nc7 e3 15.f4 Nb6
16.Nxa8 Bf5 17.Qc7 Qb4 18.Nxb6 axb6 19.Bxd5 Bxd4 20.Bxf7+ Kh8 21.Be6  1-0

[Event "Vladivostok op"]
[Site "Vladivostok"]
[Date "1990.??.??"]
[Round "?"]
[White "Kazak, Viktor"]
[Black "Tseshkovsky, Vitaly"]
[Result "1/2-1/2"]
[WhiteElo "2320"]
[BlackElo "2490"]

1.d4 d6 2.Nf3 Nf6 3.c4 g6 4.g3 Bg7 5.Bg2 O-O 6.O-O c6 7.b3 Qa5 8.Qd2 Qh5
9.Nc3 h6 10.Bb2 Bh3 11.Rfe1 Nbd7 12.Rad1 a6 13.Qe3 Rfe8 14.Nh4 Bxg2 15.Kxg2 g5
16.Nf3 e5 17.dxe5 Ng4 18.Qd2 Ndxe5 19.Rh1 Nxf3 20.exf3 Ne5 21.Qe2 f5 22.h3 b5
23.f4 Qxe2 24.Nxe2 Nf7 25.Rd2 Bxb2 26.Rxb2 bxc4 27.fxg5 hxg5 28.Nd4 Re5 29.bxc4 Rc5
30.Re1 Ra7 31.Rb6 f4  1/2-1/2

[Event "Warsaw Legion op"]
[Site "Warsaw"]
[Date "1990.??.??"]
[Round "?"]
[White "Maslanka, Robert"]
[Black "Flis, Jacek"]
[Result "0-1"]
[WhiteElo "2300"]
[BlackElo "2375"]

1.Nf3 Nf6 2.c4 g6 3.g3 d6 4.d4 Bg7 5.Bg2 O-O 6.O-O c6 7.Nc3 Qa5 8.h3 e5 9.e4 Nbd7
10.Re1 exd4 11.Nxd4 Re8 12.Nb3 Qc7 13.Nd4 a5 14.Be3 Nc5 15.Qc2 Bd7 16.Rad1 Rad8
17.Nb3 Nxb3 18.Qxb3 c5 19.Bf4 Bc6 20.Nb5 Bxb5 21.Qxb5 Re6 22.Rd3 Nd7 23.Red1 Be5
24.Bd2 b6 25.Rb3 Bd4 26.Bc3 Bxc3 27.bxc3 Rb8 28.Rdb1 g5 29.R3b2 Kg7 30.Qb3 Ne5
31.Rd2 Rf6 32.Rd5 Qd7 33.Qb5 Qe7 34.Rbd1 h5 35.Qb3 h4 36.Qc2 Rg6 37.f4 gxf4
38.gxf4 Nxc4 39.Qe2 b5 40.Rh5 Qf6 41.Qf2 Rg8 42.Kh1 Kf8 43.e5 Nxe5 44.Bf1 Rg3
45.Rh7 Qf5  0-1

[Event "Warsaw"]
[Site "Warsaw"]
[Date "1990.??.??"]
[Round "1"]
[White "Jasnikowski, Zbigniew"]
[Black "Sznapik, Aleksander"]
[Result "1/2-1/2"]
[WhiteElo "2445"]
[BlackElo "2485"]

1.d4 Nf6 2.Nf3 g6 3.c4 Bg7 4.g3 O-O 5.Bg2 d6 6.Nc3 Bg4 7.h3 Bxf3 8.Bxf3 Nc6
9.Bg2 Nd7 10.e3 e5 11.d5 Ne7 12.e4 f5 13.h4 Nf6 14.Qd3 Kh8 15.Bg5 h6 16.Bd2 c6
17.O-O-O cxd5 18.cxd5 b5 19.Nxb5 Rb8 20.Na3 Qb6 21.Bc3 Rfc8 22.Rd2 fxe4 23.Bxe4 Nxe4
24.Qxe4 Qa5 25.Rc2 Qxd5 26.Qxd5 Nxd5 27.Rd1 Nxc3 28.Rxc3 e4 29.Rxc8+ Rxc8+
30.Kb1 Rf8 31.Rd2 d5 32.Nb5 Rf7 33.Nd4 Bxd4  1/2-1/2